000 01227nam a22003737a 4500
003 CHAP
005 20220329143316.0
008 080426d1998 co r 00110 spa d
010 _a94753
011 _a95725
020 _a9589645410
035 _a106355
040 _cCHAP
082 0 4 _a628.44
_bC6 1998
100 1 _aCollazos Peñaloza, Héctor.
_925214
245 1 0 _aResiduos solidos
_c/por Héctor Collazos Peñaloza y Ramón Duque Muñoz
250 _a5 ed.
260 _aBogotá :
_bACODAL,
_c1998
300 _a170 p. :
_bilus. ; cuadros
590 _aBATCH-UPD
_b10
_c20130110
_lUCH01
_h0723
590 _aBATCH-UPD
_b10
_c20130410
_lUCH01
_h0407
590 _aBATCH-UPD
_b10
_c20130914
_lUCH01
_h0546
590 _aCONVERSION
_b10
_c20130109
_lUCH01
_h1352
650 1 4 _aBasura
_xEliminación.
_910759
650 1 4 _aBasura
_xReciclaje.
_910760
650 1 4 _aMedio ambiente
_xContaminación.
_974069
650 1 4 _aMedio ambiente
_xProtección.
_974106
650 1 4 _aMuestreo estadístico.
_979288
650 1 4 _aResiduos sólidos.
_996119
700 1 _aDuque Muñoz, Ramón.
_934528
901 _aBK
942 _cLIBRO
949 _a628.44 C6 1998
_bBC
_cLIBRO
_d33724002041496
_eLIBRO
_gI.c/e
_h109400
_i106355
_si
_t$280.00
999 _c94753
_d94753